01137cam a22002651 4500001001300000003000400013005001700017008004100034010001700075035001800092040002600110042001200136050002700148051001800175082000800193100003200201245010100233260009200334300004300426490005500469500001600524501026000540650005400800999001700854hew60000110 DLC20260227111510.0740121s1960 xx 000 0 eng  ahew60000110  a(OCoLC)779605 aDLCcOClUdOCoLCdDLC apremarc00aL111b.A6 1960, no. 11 aLB2822.5b.D4 a3721 aDean, Stuart Ernest,d1912-10aElementary school administration and organization;ba national survey of practices and policies. a[Washington]bU.S. Dept. of Health, Education, and Welfare, Office of Educationc[1960] axv, 126p.billus.,map(on cover)c23cm.0 a[U.S. Office of Education] Bulletinv1960, no. 11 a"OE-23006." aCopies 1 and 3 of L111.A6 with: Science and mathematics in public high schools, 1958 / United States, Office of Education. Washington : U. S. Dept of Health, Education, and Welfare, Office of Education, 1960. Bound together subsequent to publication.5DLC 0aSchool management and organizationzUnited States c34266d34266